El estudio científico de la dactiloscopia (Record no. 63262)

MARC details
000 -LEADER
fixed length control field 00690cam a2200217 4500
005 - DATE AND TIME OF LATEST TRANSACTION
control field 20190611135907.0
008 - FIXED-LENGTH DATA ELEMENTS--GENERAL INFORMATION
fixed length control field 190611b mx ||||| |||| 00| 0 spa d
020 ## - INTERNATIONAL STANDARD BOOK NUMBER
International Standard Book Number 9789681868604 (Rústica)
050 04 - LIBRARY OF CONGRESS CALL NUMBER
Classification number HV6074
Item number T78 2007
100 1# - MAIN ENTRY--PERSONAL NAME
Personal name Trujillo Arriaga, Salvador Tomás,
Relator term autor
245 13 - TITLE STATEMENT
Title El estudio científico de la dactiloscopia
Statement of responsibility, etc / Salvador Tomás Trujillo Arriaga.
250 ## - EDITION STATEMENT
Edition statement 2a ed.
260 ## - PUBLICATION, DISTRIBUTION, ETC. (IMPRINT)
Place of publication, distribution, etc México :
Name of publisher, distributor, etc Limusa,
Date of publication, distribution, etc c2007
300 ## - PHYSICAL DESCRIPTION
Extent 416 p. :
Other physical details il. ;
Dimensions 26 cm.
504 ## - BIBLIOGRAPHY, ETC. NOTE
Bibliography, etc Incluye bibliografia p. 413-416
650 #7 - SUBJECT ADDED ENTRY--TOPICAL TERM
Source of heading or term lemb
Topical term or geographic name as entry element Dactiloscopia
650 #7 - SUBJECT ADDED ENTRY--TOPICAL TERM
Source of heading or term lemb
Topical term or geographic name as entry element Huellas de ADN
650 #7 - SUBJECT ADDED ENTRY--TOPICAL TERM
Source of heading or term lemb
Topical term or geographic name as entry element Investigación criminal
942 ## - ADDED ENTRY ELEMENTS (KOHA)
Source of classification or shelving scheme Biblioteca del Cogreso de los Estados Unidos
Koha item type Libro
Holdings
Estado de pérdida Fuente de clasificación Estado del daño No para préstamo Ubicación permanente Ubicación actual Apartado o colección Fecha de adquisición Edición Enumeración de Serie / Cronológica Dependencia de educación superior (DES) Área del conocimiento Clasificación Código de Barras Date last seen Número de copia Costo por reposición Tipo de recurso
  Biblioteca del Cogreso de los Estados Unidos     Biblioteca de la Facultad de Derecho y Ciencias Sociales "Felipe J. Tena" Biblioteca de la Facultad de Derecho y Ciencias Sociales "Felipe J. Tena" General 11/06/2019 2a ed. BFD000011387 Derecho Ciencias Sociales y Administrativas HV6074 T78 2007 BFD000011387 11/06/2019 1 1.00 Libro